MARC details
| 000 -LEADER |
| fixed length control field |
02361cab a2200481 4500 |
| 001 - CONTROL NUMBER |
| control field |
ABS51277 |
| 008 - FIXED-LENGTH DATA ELEMENTS--GENERAL INFORMATION |
| fixed length control field |
090401t1994 xxu||||| |||| 00| 0 eng d |
| 035 ## - SYSTEM CONTROL NUMBER |
| System control number |
(Sirsi) u19216 |
| 041 ## - LANGUAGE CODE |
| Language code of text/sound track or separate title |
eng |
| 100 ## - MAIN ENTRY--PERSONAL NAME |
| Personal name |
Gaunt, J |
| 245 ## - TITLE STATEMENT |
| Title |
Virtual reality: defining the world of rent review I and II |
| 260 ## - PUBLICATION, DISTRIBUTION, ETC. |
| Date of publication, distribution, etc. |
1994 |
| 300 ## - PHYSICAL DESCRIPTION |
| Extent |
See also |
| 350 ## - PRICE (NR) (BK AM CF MU VM SE) [OBSOLETE] |
| Price |
0 |
| 490 ## - SERIES STATEMENT |
| Series statement |
Estates Gazette |
| Volume/sequential designation |
(9433) 20 August 1994, 88-91; (9434) 27 August 199 |
| 520 ## - SUMMARY, ETC. |
| Summary, etc. |
Abridged versions of papers presented at the 1994 Blundell Memorial Lectures. Part one examines current legal issues on rent reviews referring to caselaw, considers the consequences of the vacant possession assumption, fitting-out periods and incentives, premises fit for immediate use and occupation, disregard of rent-free periods, the assumption that a rent-free period has expired, and the assumption of compliance with repairing covenants. Part two looks at valuation aspects, including the effects of the development cycle, the effect of inducements on value, the role of the courts in dealing with rent review cases, built-in discounts, fitted-out assumptions and commercial bargaining in the property market. |
| 650 ## - SUBJECT ADDED ENTRY--TOPICAL TERM |
| Topical term or geographic name entry element |
99 BISHOPSGATE LTD V PRUDENTIAL ASSURANCE CO LTD |
| 650 ## - SUBJECT ADDED ENTRY--TOPICAL TERM |
| Topical term or geographic name entry element |
BASINGSTOKE AND DEANE BC V HOST GROUP LTD |
| 650 ## - SUBJECT ADDED ENTRY--TOPICAL TERM |
| Topical term or geographic name entry element |
BLUNDELL MEMORIAL LECTURES 1994 |
| 650 ## - SUBJECT ADDED ENTRY--TOPICAL TERM |
| Topical term or geographic name entry element |
BROADGATE SQUARE PLC V LEHMAN BROTHERS LTD |
| 650 ## - SUBJECT ADDED ENTRY--TOPICAL TERM |
| Topical term or geographic name entry element |
CITY OFFICES PLC V BRYANSTON INSURANCE CO LTD |
| 650 ## - SUBJECT ADDED ENTRY--TOPICAL TERM |
| Topical term or geographic name entry element |
CO-OPERATIVE WHOLESALE SOCIETY LTD V NATIONAL WESTMINSTER |
| 650 ## - SUBJECT ADDED ENTRY--TOPICAL TERM |
| Topical term or geographic name entry element |
DISREGARDS |
| 650 ## - SUBJECT ADDED ENTRY--TOPICAL TERM |
| Topical term or geographic name entry element |
FITTING-OUT PERIODS |
| 650 ## - SUBJECT ADDED ENTRY--TOPICAL TERM |
| Topical term or geographic name entry element |
HEADLINE RENT |
| 650 ## - SUBJECT ADDED ENTRY--TOPICAL TERM |
| Topical term or geographic name entry element |
ICELAND FROZEN FOODS PLC V STARLIGHT INVESTMENTS LTD |
| 650 ## - SUBJECT ADDED ENTRY--TOPICAL TERM |
| Topical term or geographic name entry element |
LAND SECURITIES PLC V CITY OF WESTMINSTER |
| 650 ## - SUBJECT ADDED ENTRY--TOPICAL TERM |
| Topical term or geographic name entry element |
LEASE INCENTIVES |
| 650 ## - SUBJECT ADDED ENTRY--TOPICAL TERM |
| Topical term or geographic name entry element |
LONDON & LEEDS ESTATES LTD V PARIBAS LTD |
| 650 ## - SUBJECT ADDED ENTRY--TOPICAL TERM |
| Topical term or geographic name entry element |
MALLINSON REPORT |
| 650 ## - SUBJECT ADDED ENTRY--TOPICAL TERM |
| Topical term or geographic name entry element |
ORCHID LODGE (UK) LTD V EXTEL COMPUTING LTD |
| 650 ## - SUBJECT ADDED ENTRY--TOPICAL TERM |
| Topical term or geographic name entry element |
PONTSARN INVESTMENTS LTD V KANSALLIS-OSAKE-PANKKI |
| 650 ## - SUBJECT ADDED ENTRY--TOPICAL TERM |
| Topical term or geographic name entry element |
PRUDENTIAL NOMINEES V GREENHAM TRADING |
| 650 ## - SUBJECT ADDED ENTRY--TOPICAL TERM |
| Topical term or geographic name entry element |
RENT REVIEWS |
| 650 ## - SUBJECT ADDED ENTRY--TOPICAL TERM |
| Topical term or geographic name entry element |
RENT-FREE PERIODS |
| 650 ## - SUBJECT ADDED ENTRY--TOPICAL TERM |
| Topical term or geographic name entry element |
SCOTTISH AMICABLE LIFE ASSURANCE SOCIETY V MIDDLETON |
| 650 ## - SUBJECT ADDED ENTRY--TOPICAL TERM |
| Topical term or geographic name entry element |
VALUATION ISSUES |
| 650 ## - SUBJECT ADDED ENTRY--TOPICAL TERM |
| Topical term or geographic name entry element |
WINDFALL |
| 690 ## - LOCAL SUBJECT ADDED ENTRY--TOPICAL TERM (OCLC, RLIN) |
| Topical term or geographic name as entry element |
LANDLORD AND TENANT-RENT REVIEWS |
| 700 ## - ADDED ENTRY--PERSONAL NAME |
| Personal name |
Main, R. |
| 942 ## - ADDED ENTRY ELEMENTS (KOHA) |
| Suppress in OPAC |
0 |
| 948 ## - LOCAL PROCESSING INFORMATION (OCLC); SERIES PART DESIGNATOR (RLIN) |
| c (OCLC) |
04/03/1997 |